|
|
|
|
| LEADER |
00000nab a2200000u 4500 |
| 001 |
vtls011886700 |
| 003 |
SK-MaSNL |
| 005 |
20260303095103.0 |
| 008 |
190912|2019 xo ||||||| ||00 ||slo| |
| 038 |
|
|
|a KEVKJB
|
| 040 |
|
|
|a KEVKJB
|b slo
|e rda
|
| 041 |
0 |
|
|a slo
|
| 043 |
|
|
|a e-xo---
|
| 044 |
|
|
|a xo
|c SK
|
| 072 |
|
7 |
|a 796
|x Šport. Hry. Telesné cvičenia
|2 konspekt
|
| 080 |
|
|
|a 796.323.2
|2 2011
|
| 100 |
1 |
|
|a Dohovič, Svjatoslav
|4 aut
|9 331929
|
| 245 |
1 |
0 |
|a Anjelky sa vracajú do starej športovej haly
|c Svjatoslav Dohovič
|
| 336 |
|
|
|a text
|b txt
|2 rdacontent
|
| 337 |
|
|
|a bez média
|b n
|2 rdamedia
|
| 338 |
|
|
|a zväzok
|b nc
|2 rdacarrier
|
| 610 |
2 |
7 |
|a Angels aréna (Košice, Slovensko)
|2 kevkjb
|9 1086993
|
| 610 |
2 |
7 |
|a Young Angels Košice
|2 kevkjb
|9 1091439
|
| 650 |
0 |
7 |
|a športové haly
|2 SNKPH
|9 74428
|
| 650 |
0 |
7 |
|a basketbal
|2 SNKPH
|9 3290
|
| 651 |
|
7 |
|a Košice (Slovensko)
|2 SNKPHgeo
|9 18694
|
| 773 |
0 |
|
|t Košický večer
|g Roč. 52, č. 35 (2019), s. 16
|x 1336-5320
|
| 852 |
|
|
|a KEVKJB
|b KIS3GCP
|
| 999 |
|
|
|c 1823708
|d 1825638
|